000 00958nam a22002897a 4500
003 CBULib
005 20260126100415.0
008 260126b |||||||| |||| 00| 0 eng d
020 _a9781529732115
040 _aCBULib
_bEnglish
_cCBULib
_dCBULib
_erda
041 _aeng
050 _aRT 69 Coo
100 _95215
_aCook, Neal
245 _aThe nurse's anatomy and physiology colouring book
_c/ by Neal Cook; Andrea Shepherd and Jennifer Boore
250 _aSecond edition
260 _aLos Angeles:
_bSage,
_c2021.
300 _axiii,239 pages: illustrations
336 _2rdacontent
_aText |
_btxt
337 _2rdamedia
_aUnmediated |
_bn
338 _2rdacarrier
_aVolume
_bnc
650 0 _2Library of Congress
_95218
_aPHYSIOLOGY STUDY AND TEACHING
650 0 _2Library of Congress
_95219
_aANATOMY
650 0 _2Library of Congress
_91299
_aPHYSIOLOGY
700 _95107
_aShepherd, Andrea
700 _95217
_aBoore, Jennifer
942 _2lcc
_c002
999 _c86646
_d86646